| 000 | 00680cam a22002171 4500 | ||
|---|---|---|---|
| 001 | af 49001018 | ||
| 003 | DLC | ||
| 005 | 20260227110917.0 | ||
| 008 | 890112s1945 be 000 1 dut c | ||
| 010 | _aaf 49001018 | ||
| 035 | _a(OCoLC)19015343 | ||
| 040 |
_aCalifornia. Univ. Libr. _cCU _dDLC |
||
| 041 | 1 |
_adut _hfre |
|
| 042 | _apremarc | ||
| 050 | 0 | 0 |
_aPQ2643.L6 _bP32 |
| 100 | 1 |
_aVlodorp, Robert van, _d1908- |
|
| 245 | 1 | 0 |
_aParadiso. _b[De liefderoman van een arts in de Zwitsersche bergen] _cUit het Fransch vertaald door de Uitgeverij Westernis. |
| 260 |
_aAntwerpen, _bUitgeverij Westernis _c[1945] |
||
| 300 |
_a160 p. _c18 cm. |
||
| 440 | 3 |
_aDe Briljant uitgave, _vno 30 |
|
| 999 |
_c6813 _d6813 |
||